Cartography of al-Sharif al-Idrisi

Bibliographic Details
Published in:The history of cartography, J.B. Harley and David Woodward, Chicago [etc.], P. 156-174 (1)
Main Author: Ahmad, S.M.
Content type: Article
Published: 1992
Source:MPIPL_cat
_version_ 1863687004837904384
author Ahmad, S.M
author_facet Ahmad, S.M
author_search Ahmad, S.M
author_sort Ahmad, S.M
author_variant s a sa
collection_details MPIPL
container_reference P. 156-174
container_start_page 156
container_title Cartography in the traditional Islamic and South Asian societies. vol. 2. 1
dedup_id_str MPIPL_cat.PL0053684
dewey-hierarchy 0/[Unassigned]/
dewey-hierarchy_str 0/[Unassigned]/
first_indexed 2026-03-14T00:40:06Z
format 0/Artikel/
format_str 0/Artikel/
fullrecord <?xml version="1.0" encoding="UTF-8"?> <collection xmlns:xsi="http://www.w3.org/2001/XMLSchema-instance" xsi:schemaLocation="http://www.loc.gov/MARC21/slim http://www.loc.gov/standards/marcxml/schema/MARC21slim.xsd" xmlns="http://www.loc.gov/MARC21/slim"> <record> <leader>00000naa a2200000 u 4500</leader> <controlfield tag="001">PL0053684</controlfield> <controlfield tag="003">PLI01000000000000000053364</controlfield> <controlfield tag="005">00000000000000.0</controlfield> <controlfield tag="008"> ||| u </controlfield> <datafield tag="100" ind1="1" ind2=" "> <subfield code="a">Ahmad, S.M.</subfield> </datafield> <datafield tag="245" ind1="0" ind2="0"> <subfield code="a">Cartography of al-Sharif al-Idrisi</subfield> <subfield code="c">S. Maqbul Ahmad</subfield> </datafield> <datafield tag="260" ind1=" " ind2=" "> <subfield code="c">1992</subfield> </datafield> <datafield tag="952" ind1=" " ind2=" "> <subfield code="h">P. 156-174</subfield> </datafield> <datafield tag="996" ind1=" " ind2=" "> <subfield code="a">Aufsatz</subfield> </datafield> <datafield tag="997" ind1=" " ind2=" "> <subfield code="a">book chapter</subfield> </datafield> <datafield tag="773" ind1="0" ind2="8"> <subfield code="t">The history of cartography</subfield> <subfield code="a">J.B. Harley and David Woodward</subfield> <subfield code="k">1</subfield> <subfield code="d">Chicago [etc.]</subfield> <subfield code="g">P. 156-174</subfield> <subfield code="w">MPIPL_cat.PL0053654</subfield> <subfield code="z">0-226-31635-1</subfield> <subfield code="i">In:</subfield> </datafield> </record> </collection>
hierarchy_parent_id MPIPL_cat.PL0053654
hierarchy_parent_title Cartography in the traditional Islamic and South Asian societies. vol. 2. 1
id MPIPL_cat.PL0053684
illustrated Not Illustrated
institution MPIPL_cat
institution_str MPIPL_cat
isbn 9780226316352
0-226-31635-1
language und
language_str und
last_indexed 2026-04-27T23:41:37Z
local_fields Aufsatz
online false
online_MPIPL_cat false
online_str false
publishDate 1992
publishDate_str 1992
record_format marc
spelling Ahmad, S.M
Cartography of al-Sharif al-Idrisi
S. Maqbul Ahmad
1992
The history of cartography
J.B. Harley and David Woodward
1
Chicago [etc.]
P. 156-174
0-226-31635-1
In
spellingShingle Ahmad, S.M
Cartography of al-Sharif al-Idrisi
title Cartography of al-Sharif al-Idrisi
title_full Cartography of al-Sharif al-Idrisi S. Maqbul Ahmad
title_fullStr Cartography of al-Sharif al-Idrisi S. Maqbul Ahmad
title_full_unstemmed Cartography of al-Sharif al-Idrisi S. Maqbul Ahmad
title_search Cartography of al-Sharif al-Idrisi
title_short Cartography of al-Sharif al-Idrisi
title_sort cartography of al sharif al idrisi s maqbul ahmad